000 00828nam a22002411 4500
001 bimo0001123081
003 OSt
005 20140221102611.0
008 920725s1967 arg spa
040 _aSpMaBN
_bspa
_cBMC
082 _a985.03
082 _a325.346060
100 1 _aLynch, John
_913983
245 1 0 _aAdministración colonial española 1782-1810
_b: el sistema de intendencias en el Virreinato del Rio de la Plata
_cJohn Lynch ; [traducida por Germán O.E. Zjarks]
250 _a2ª ed
260 _aBuenos Aires
_bEditorial Universitaria
_c1967
300 _a311 p.
_c23 cm
490 _aBiblioteca de América. Temas, Historia
651 4 _aRío de la Plata (Virreinato)
_914080
651 4 _aEspaña
_xColonias
_xAdministracion
_914081
700 1 _aTjarks, German O. E.‏
_913985
942 _2ddc
_cBK
999 _c7258
_d7258